Heritage at the heart of the urban renaissance (Record no. 72249)
[ view plain ]
| 000 -LEADER | |
|---|---|
| fixed length control field | 01074cam a2200229 4500 |
| 001 - CONTROL NUMBER | |
| control field | ABS66411 |
| 008 - FIXED-LENGTH DATA ELEMENTS--GENERAL INFORMATION | |
| fixed length control field | 030306n2003 000 0 eng u |
| 035 ## - SYSTEM CONTROL NUMBER | |
| System control number | (Sirsi) u121550 |
| 100 ## - MAIN ENTRY--PERSONAL NAME | |
| Personal name | Ludmon, M. |
| 245 ## - TITLE STATEMENT | |
| Title | Heritage at the heart of the urban renaissance |
| 260 ## - PUBLICATION, DISTRIBUTION, ETC. | |
| Date of publication, distribution, etc. | 2003 |
| 490 ## - SERIES STATEMENT | |
| Series statement | New Urban Futures |
| Volume/sequential designation | (07) January 2003, 6(1) |
| 520 ## - SUMMARY, ETC. | |
| Summary, etc. | Restoration of historic buildings can boost urban renewal as exemplified by a scheme in Liverpool restoring derelict and ruined buildings into a new mixed-use development called Ropeworks. This was a public/private sector partnership funded by the Heritage Lottery Fund's Townscape Heritage Initiative. The benefits of such schemes were highlighted at the Urban Summit where English Heritage launched its "Heritage dividend 2002" report. |
| 590 ## - LOCAL NOTE (RLIN) | |
| Local note | ABS |
| 650 ## - SUBJECT ADDED ENTRY--TOPICAL TERM | |
| Topical term or geographic name entry element | HISTORIC BUILDINGS |
| 650 ## - SUBJECT ADDED ENTRY--TOPICAL TERM | |
| Topical term or geographic name entry element | RESTORATION |
| 650 ## - SUBJECT ADDED ENTRY--TOPICAL TERM | |
| Topical term or geographic name entry element | RESTORATION BENEFITS |
| 650 ## - SUBJECT ADDED ENTRY--TOPICAL TERM | |
| Topical term or geographic name entry element | URBAN RENEWAL |
| 650 ## - SUBJECT ADDED ENTRY--TOPICAL TERM | |
| Topical term or geographic name entry element | LIVERPOOL |
| 690 ## - LOCAL SUBJECT ADDED ENTRY--TOPICAL TERM (OCLC, RLIN) | |
| Topical term or geographic name as entry element | BUILT ENVIRONMENT-BUILDING MAINTENANCE AND REFURBISHMENT-BUILDING CONSERVATION |
| 942 ## - ADDED ENTRY ELEMENTS (KOHA) | |
| Suppress in OPAC | 0 |
| Withdrawn status | Lost status | Source of classification or shelving scheme | Damaged status | Not for loan | Home library | Current library | Shelving location | Date acquired | Total Checkouts | Full call number | Barcode | Date last seen | Copy number | Price effective from | Koha item type |
|---|---|---|---|---|---|---|---|---|---|---|---|---|---|---|---|
| Dewey Decimal Classification | London | London | Journal article | 06/03/2003 | ABS66411 | 121550-1001 | 06/08/2019 | 1 | 06/08/2019 | Journal article |